| 000 | 00756nam a2200205Ia 4500 | ||
|---|---|---|---|
| 005 | 20251020182529.0 | ||
| 008 | 200515s9999 xx 000 0 und d | ||
| 082 | _a696.6/M26 | ||
| 100 | _aMARTINEZ DOMINGUEZ, Fernando | ||
| 245 | 0 | _aInstalaciones eléctricas de alumbrado e industriales | |
| 250 | _a2a ed. | ||
| 260 | _aMadrid | ||
| 260 | _c1999 | ||
| 500 | _a1 ejemplar | ||
| 520 | _aSe explican las instalaciones eléctricas más utilizadas, tanto para el alumbrado, doméstico, público e industrial: como las instalaciones básicas de : accionamiento, protección y control de máquinas y motores de tipo industrial, pretende la doble finalida | ||
| 650 | _aALUMBRADO | ||
| 650 | _aINSTALACIONES ELECTRICAS | ||
| 650 | _aLIB | ||
| 942 | _cLIB | ||
| 999 |
_c2023 _d2023 |
||